书目信息 |
| 题名: |
先验主义路向
|
|
| 作者: | 冯平 主编 | |
| 分册: | 上 | |
| 出版信息: | 北京 北京师范大学出版社 2009 |
|
| 页数: | 300页 | |
| 开本: | 24cm | |
| 丛书名: | ||
| 单 册: | ||
| 中图分类: | B018 , B081.2 | |
| 科图分类: | ||
| 主题词: | 价值(哲学)--西方国家--现代 , 先验论--研究 , 价值(哲学) , 先验论 | |
| 电子资源: | ||
| ISBN: | 978-7-303-09824-8 | |
| 000 | 01104nam0 2200289 45 | |
| 001 | 1029862113 | |
| 005 | 20100428141505.68 | |
| 010 | @a978-7-303-09824-8@dCNY39.00(全2册78.00) | |
| 100 | @a20100420d2009 ekmy0chiy0120 ea | |
| 101 | 0 | @achi@aeng |
| 102 | @aCN@b110000 | |
| 105 | @ay z 000yy | |
| 106 | @ar | |
| 200 | 1 | @a先验主义路向@AXian Yan Zhu Yi Lu Xiang@h上@HShang@f冯平主编@FFeng Ping Zhu Bian |
| 210 | @a北京@c北京师范大学出版社@d2009 | |
| 215 | @a300页@d24cm | |
| 300 | @a现代西方价值哲学经典 | |
| 330 | @a本书内容涵盖德奥英美24位哲学家的价值哲学代表作,从先验主义路向、经验:主义路向、心灵主义路向、语言分析路向四个角度,全面详细地介绍了现代西方价值哲学中的热点、难点和重点问题,反映了现代西方价值哲学研究的主要理论观点和思想精华,集思想性、理论性、资料性为一体,标志着我国价值哲学研究进入了一个新的阶段。 | |
| 606 | 0 | @a价值(哲学)@y西方国家@z现代 |
| 606 | 0 | @a先验论@x研究 |
| 606 | 0 | @a价值(哲学) |
| 606 | 0 | @a先验论 |
| 690 | @aB018@v4 | |
| 690 | @aB081.2@v4 | |
| 701 | 0 | @a冯平@AFeng Ping@4主编 |
| 801 | 0 | @aCN@bTANGWEI@c20100428 |
| 905 | @b0593288-92@dB018@e257:1@f5 | |
| 先验主义路向.上/冯平主编.-北京:北京师范大学出版社,2009 |
| 300页;24cm |
| 现代西方价值哲学经典 |
| ISBN 978-7-303-09824-8:CNY39.00(全2册78.00) |
| 本书内容涵盖德奥英美24位哲学家的价值哲学代表作,从先验主义路向、经验:主义路向、心灵主义路向、语言分析路向四个角度,全面详细地介绍了现代西方价值哲学中的热点、难点和重点问题,反映了现代西方价值哲学研究的主要理论观点和思想精华,集思想性、理论性、资料性为一体,标志着我国价值哲学研究进入了一个新的阶段。 |
| ● |
| 相关链接 |
|
|
|
|
正题名:先验主义路向
索取号:B018/257:1
 
预约/预借
| 序号 | 登录号 | 条形码 | 馆藏地/架位号 | 状态 | 备注 |
| 1 | 0593288 | 205932883 | 第一样本阅览室/ [索取号:B018/257:1] | 在馆 | |
| 2 | 0593289 | 205932892 | 第一借阅区/ [索取号:B018/257:1] | 在馆 | |
| 3 | 0593290 | 205932909 | 第一借阅区/ [索取号:B018/257:1] | 在馆 | |
| 4 | 0593291 | 205932918 | 教育系资料室/ [索取号:B018/257:1] | 在馆 | |
| 5 | 0593292 | 205932927 | 教育系资料室/ [索取号:B018/257:1] | 在馆 |